Contemporary accounting :A strategic approach for users/ (Record no. 3100)

000 -LEADER
fixed length control field 01152cam a22003374a 4500
001 - CONTROL NUMBER
control field 12701735
003 - CONTROL NUMBER IDENTIFIER
control field OSt
005 - DATE AND TIME OF LATEST TRANSACTION
control field 20160902095855.0
008 - FIXED-LENGTH DATA ELEMENTS--GENERAL INFORMATION
fixed length control field 020312r20022001ne a b 100 0 eng
010 ## - LIBRARY OF CONGRESS CONTROL NUMBER
LC control number 2002024460
020 ## - INTERNATIONAL STANDARD BOOK NUMBER
International Standard Book Number 9780170261999
040 ## - CATALOGING SOURCE
Original cataloging agency DLC
Transcribing agency DLC
Modifying agency DLC
042 ## - AUTHENTICATION CODE
Authentication code pcc
050 00 - LIBRARY OF CONGRESS CALL NUMBER
Classification number HF5630.H36 2015
082 00 - DEWEY DECIMAL CLASSIFICATION NUMBER
Classification number 657/.07/2
Edition number 21
100 ## - MAIN ENTRY--PERSONAL NAME
Personal name Hancock, Phil
245 00 - TITLE STATEMENT
Title Contemporary accounting :A strategic approach for users/
Statement of responsibility, etc Phil Hancock,Peter Robinson,Mike Bazley,
250 ## - EDITION STATEMENT
Edition statement 9th ed.
260 ## - PUBLICATION, DISTRIBUTION, ETC. (IMPRINT)
Place of publication, distribution, etc Sydney ;
Name of publisher, distributor, etc Cengage Learning,
Date of publication, distribution, etc 2015.
300 ## - PHYSICAL DESCRIPTION
Extent 1 v-639.pages :
Other physical details ill. ;
Dimensions 25 cm.
500 ## - GENERAL NOTE
General note "Reprinted from the Journal of accounting and economics, volumes 31 and 32 (2001)."
504 ## - BIBLIOGRAPHY, ETC. NOTE
Bibliography, etc Includes bibliographical references,appendix
650 #0 - SUBJECT ADDED ENTRY--TOPICAL TERM
Topical term or geographic name as entry element Accounting
General subdivision Research
Form subdivision Congresses.
700 1# - ADDED ENTRY--PERSONAL NAME
Personal name Robinson Mike
700 1# - ADDED ENTRY--PERSONAL NAME
Personal name Bazley Mike
856 42 - ELECTRONIC LOCATION AND ACCESS
Materials specified Publisher description
856 41 - ELECTRONIC LOCATION AND ACCESS
Materials specified Table of contents only
906 ## - LOCAL DATA ELEMENT F, LDF (RLIN)
a 7
b cbc
c orignew
d 1
e ocip
f 20
g y-gencatlg
942 ## - ADDED ENTRY ELEMENTS (KOHA)
Source of classification or shelving scheme
Koha item type Book
Holdings
Withdrawn status Lost status Source of classification or shelving scheme Damaged status Not for loan Home library Current library Shelving location Date acquired Total Checkouts Full call number Barcode Date last seen Copy number Price effective from Koha item type
          Riara University Library Riara University Library General stack 01/09/2016   HF5630.H36 2015 8245/16 02/09/2016 C.1 01/09/2016 Book
          Riara University Library Riara University Library General stack 02/09/2016   HF5630.H36 2015 8176/16 02/09/2016 C.2 02/09/2016 Book
          Riara University Library Riara University Library General stack 02/09/2016   HF5630.H36 2015 8175/16 02/09/2016 C.3 02/09/2016 Book
          Riara University Library Riara University Library General stack 02/09/2016   HF5630.H36 2015 8177/16 02/09/2016 C.4 02/09/2016 Book
          Riara University Library Riara University Library General stack 06/09/2016   HF5630.H36 2015 7685/16 06/09/2016 C.5 06/09/2016 Book

Riara University Library,
P.O. Box 49940-00100,
Nairobi, Kenya.